Information system control and audit (Record no. 5659)

MARC details
000 -LEADER
fixed length control field 00294nam a2200121Ia 4500
008 - FIXED-LENGTH DATA ELEMENTS--GENERAL INFORMATION
fixed length control field 150201s2006 xx 000 0 und d
082 ## - DEWEY DECIMAL CLASSIFICATION NUMBER
Classification number 5
Item number WEB
100 ## - MAIN ENTRY--PERSONAL NAME
Personal name Weber,Ron
245 ## - TITLE STATEMENT
Title Information system control and audit
260 ## - PUBLICATION, DISTRIBUTION, ETC. (IMPRINT)
Name of publisher, distributor, etc. Pearson
Place of publication, distribution, etc. N.Delhi
Date of publication, distribution, etc. 2006
300 ## - PHYSICAL DESCRIPTION
Extent 1052p.
942 ## - ADDED ENTRY ELEMENTS (KOHA)
Source of classification or shelving scheme Dewey Decimal Classification
Koha item type Books
Holdings
Withdrawn status Lost status Source of classification or shelving scheme Damaged status Use restrictions Not for loan Collection code Home library Current library Shelving location Date acquired SGTU Full call number Barcode Date last seen Bill Date Koha item type
    Dewey Decimal Classification   Restricted Access Not For Loan ENGINEERING SGT Engineering Library SGT Engineering Library Reference Book 17/09/2013 SGTU 5 WEB FE6221 09/02/2015 09/02/2015 Books